Score 0/200 Timer 20:00
3 Plays Today
Apps. Player % Correct
632Ryan Giggs
94.9%
609Frank Lampard
89%
504Steven Gerrard
86.8%
499Paul Scholes
86.6%
385Ashley Cole
85.2%
414Andrew Cole
85%
378Joe Cole
85%
366Roy Keane
84.6%
349Robbie Keane
84.5%
289Carlton Cole
83.4%
441Alan Shearer
81.6%
492*John Terry
81.4%
491Wayne Rooney
81.3%
504Rio Ferdinand
81.2%
351Les Ferdinand
80.8%
400Gary Neville
78.5%
505Phil Neville
78.4%
265David Beckham
77.1%
377Stephen Carr
75.9%
375Dwight Yorke
73.8%
326Michael Owen
71.7%
349*Gary Cahill
71%
275Henning Berg
70.4%
572David James
69.8%
344David Seaman
69.5%
534Gary Speed
68.5%
508Jamie Carragher
66.9%
340*Joe Hart
66.1%
443*Petr Cech
65.7%
450Brad Friedel
65.6%
418Teddy Sheringham
65.6%
282*David Silva
65.4%
315Dennis Bergkamp
64.8%
310Peter Schmeichel
64.3%
378Robbie Fowler
63.9%
653Gareth Barry
62.9%
353Kolo Touré
61.7%
514Marc Schwarzer
61.3%
285Alan Smith
61.2%
496*Jermain Defoe
61.1%
399Tim Howard
60.9%
411Nicky Butt
60.9%
503Sol Campbell
60.5%
305Alan Wright
60.2%
325Kevin Campbell
60.1%
313Edwin van der Sar
59.9%
274Harry Kewell
59.3%
451Shay Given
57.8%
307Patrick Vieira
56.7%
516Emile Heskey
56.5%
468*Peter Crouch
56.4%
358Glen Johnson
54.6%
275*David de Gea
54.2%
350*Cesc Fàbregas
54.1%
297Mark Hughes
52.4%
265Adam Johnson
52.4%
455Aaron Hughes
52.4%
323Martin Keown
52.1%
265Vincent Kompany
51.9%
481Michael Carrick
51.7%
305Lee Dixon
50.6%
364Nicolas Anelka
50.4%
341Darren Fletcher
49.7%
392Damien Duff
49.6%
516*James Milner
49.4%
328Denis Irwin
49.2%
444Kevin Davies
49.1%
Apps. Player % Correct
303Simon Davies
49%
280Robin van Persie
48.8%
445John O'Shea
48.8%
375Paul Robinson
47.9%
325*Antonio Valencia
47.9%
278Patrice Evra
47.6%
308Wes Brown
47.4%
357*Ashley Young
47.3%
294Craig Bellamy
45.8%
302Nolberto Solano
45.6%
270Matt Le Tissier
44.5%
378Luke Young
44%
318Sami Hyypiä
43.9%
352Nigel Winterburn
43.5%
306Paul Ince
43.4%
412*Leighton Baines
43%
276Darren Bent
43%
288Jimmy Floyd Hasselbaink
42.8%
321*Theo Walcott
42.7%
268Ledley King
42.7%
401Kevin Nolan
42.5%
349*Mark Noble
42%
368Scott Parker
41.7%
269Duncan Ferguson
41.4%
431Richard Dunne
41.2%
273Nwankwo Kanu
41.2%
285Pepe Reina
41%
310*Jordan Henderson
40.3%
379Ray Parlour
38.1%
275Steve McManaman
36.8%
436Jussi Jaaskelainen
36.5%
312Dion Dublin
36.4%
295Jamie Redknapp
36.3%
325Matt Taylor
36.2%
321John Arne Riise
36.1%
312Ian Walker
35.5%
264Des Walker
35.5%
417Danny Murphy
35.2%
397Lee Bowyer
33.3%
267Robert Green
32.7%
326*Ben Foster
32.5%
372Nigel Martyn
32.5%
289Louis Saha
32.4%
426Gareth Southgate
32.3%
321William Gallas
31.9%
319Darren Anderton
31.6%
360*Philip Jagielka
31.5%
469Sylvain Distin
31.2%
322Gabriel Agbonlahor
31%
278Dennis Wise
30.7%
341Tim Sherwood
30.6%
372*Aaron Lennon
30.3%
316Shaun Wright-Phillips
30.1%
293*Pablo Zabaleta
30%
327Graeme Le Saux
29.7%
268Dietmar Hamann
29.7%
266David Batty
29.7%
346Robbie Savage
29.6%
277Warren Barton
29.4%
303Steven Davis
29.2%
325Gary McAllister
29.1%
352Leon Osman
28.9%
286Tim Flowers
28.6%
331James Beattie
28.5%
280Paul Merson
28.5%
280Rob Lee
27.9%
408Stewart Downing
27.7%
Apps. Player % Correct
280Jermaine Jenas
26.7%
361Trevor Sinclair
26.5%
288Frank Sinclair
26.5%
282Sebastian Larsson
26.3%
294*Shane Long
26.3%
364Thomas Sorensen
26.1%
325Gaël Clichy
25.3%
269Joey Barton
25.3%
264Jason Euell
25%
322Robert Huth
25%
325Gary Kelly
24.7%
316Wayne Bridge
24.3%
343Nick Barmby
23.8%
317Ryan Shawcross
23.7%
286Michael Dawson
23.4%
284Mikel Arteta
23.1%
288Joleon Lescott
22.1%
265Tony Hibbert
22.1%
267Bacary Sagna
22%
325Kevin Kilbane
21.6%
364David Unsworth
21.4%
275Mikael Silvestre
21.2%
289Matthew Upson
19.6%
265Darius Vassell
19.5%
269Chris Brunt
18.9%
298Shola Ameobi
18.7%
351Steve Watson
18.3%
273Jason Wilcox
17.8%
288Steve Staunton
17.7%
277Glenn Whelan
17.6%
336Steed Malbranque
17.5%
286Brian Deane
17%
296Luis Boa Morte
17%
384George Boateng
16.8%
311James Morrison
16.7%
355Ugo Ehiogu
16.6%
279James Collins
16.4%
279Lucas Neill
16.3%
359Rory Delap
15.3%
271Lee Cattermole
14.7%
265Kieran Richardson
13.6%
332Herman Hreidarsson
12.9%
347Paul Konchesky
11.9%
282Lee Carsley
11.6%
335Kenny Cunningham
11.5%
284Mario Melchiot
11.3%
329Jason Dodd
11.2%
290Claus Lundekvam
11%
280Andrew O'Brien
10.8%
276Dominic Matteo
10.8%
294Graham Stuart
10.7%
292Titus Bramble
10.7%
363Chris Perry
10.7%
288Matthew Etherington
10.2%
274Chris Powell
10%
278*Phil Bardsley
9.4%
284Zat Knight
8.6%
301Garry Flitcroft
8.6%
266Colin Cooper
8.2%
290Jeff Kenna
8.1%
281Charles N'Zogbia
8%
318Peter Atherton
7.8%
301Gavin McCann
7.7%
319Paul Telfer
7.4%
297Wayne Routledge
7.3%
289Andrew Impey
6.6%
Come Together.
Have Fun.
All Virtual.
We all need to come together. Play Sporcle's virtual live trivia to have fun, connect with people, and get your trivia on. Join a live hosted trivia game for your favorite pub trivia experience done virtually. If a virtual private party is more your thing, go here for details.

You're not logged in!

Compare scores with friends on all Sporcle quizzes.
OR
Log In

Sporcle TV

Today on Sporcle TV


Watch our educational content, quiz creation guides, and fun videos on Sporcle TV.

Show Comments

Extras

Top Quizzes Today


Score Distribution

Paid Content

Your Account Isn't Verified!

In order to create a playlist on Sporcle, you need to verify the email address you used during registration. Go to your Sporcle Settings to finish the process.

Report this User

Report this user for behavior that violates our Community Guidelines.

Details: